Košický magistrát čakajú ďalšie úpravy a nová zeleň

Bibliographic Details
Corporate Author: Tlačová agentúra Slovenskej republiky (Author)
Format: Article
Language:Slovak
PhysicalDescription:Fotografia
ISSN:2585-7355
Subjects:
Online Access:https://korzar.sme.sk/kosice/c/nad-suterenom-kosickeho-magistratu-pribudne-zelena-pochodzna-strecha

MARC

LEADER 00000nab a2200000u 4500
001 vtls012291412
003 SK-MaSNL
005 20260305023527.0
008 260212|2026 xo ||||||| || ||slo|
038 |a KEVKJB 
040 |a KEVKJB  |b slo  |e rda 
041 0 |a slo 
043 |a e-xo--- 
044 |a xo  |c SK 
072 7 |a 352/354  |x Stupne miestnej, oblastnej a ústrednej správy  |2 konspekt 
080 |a 352  |2 2011 
110 2 |a Tlačová agentúra Slovenskej republiky  |4 aut  |9 177619 
245 0 0 |a Košický magistrát čakajú ďalšie úpravy a nová zeleň  |c [autor] (tasr) 
300 |b Fotografia 
336 |a text  |b txt  |2 rdacontent 
337 |a bez média  |b n  |2 rdamedia 
338 |a zväzok  |b nc  |2 rdacarrier 
610 1 7 |a Košice (Slovensko).  |b Magistrát  |2 SNKKA  |9 168631 
650 0 7 |a rekonštrukcie  |2 SNKPH  |9 24616 
650 0 7 |a strešné záhrady  |2 SNKPH  |9 73993 
650 0 7 |a garáže  |2 SNKPH  |9 30019 
651 7 |a Košice (Slovensko)  |2 SNKPHgeo  |9 18694 
773 0 |t Korzár - SME  |g Roč. XXIX., č. 20 (2026), s. 11  |x 2585-7355 
852 |a KEVKJB  |b KIS3GCP 
856 4 1 |u https://korzar.sme.sk/kosice/c/nad-suterenom-kosickeho-magistratu-pribudne-zelena-pochodzna-strecha 
999 |c 3297635  |d 3299565